| 000 | 00388nam a22001697a 4500 | ||
|---|---|---|---|
| 003 | SGT | ||
| 020 | _a9789354654930 | ||
| 082 |
_a150 _bA23S |
||
| 100 | _aSREEVANI, R. | ||
| 245 | _aAPPLIED PSYCHOLOGY FOR NURSES | ||
| 250 | _a4TH | ||
| 260 |
_aINDIA _bJAYPEE PUB _c2023 |
||
| 300 | _a261 | ||
| 650 | _aPSYCHOLOGY | ||
| 653 | _aAPPLIED PSYCHOLOGY FOR NURSES | ||
| 942 |
_2ddc _cBK _086 |
||
| 999 |
_c24920 _d24920 |
||